ბათუმის შოთა რუსთაველის სახელმწიფო უნივერსიტეტის ბიბლიოთეკა

Содержание почвы в саду (ბიბ.ჩანაწერი № 46318)

000 -LEADER
fixed length control field 00575nam a2200217Ia 4500
001 - CONTROL NUMBER
control field 13154
003 - CONTROL NUMBER IDENTIFIER
control field GE_BSU
008 - FIXED-LENGTH DATA ELEMENTS--GENERAL INFORMATION
fixed length control field 181216s||||||||xx |||||||||||||| ||und||
040 ## - CATALOGING SOURCE
Transcribing agency GE_BSU
080 ## - UNIVERSAL DECIMAL CLASSIFICATION NUMBER
Universal Decimal Classification number 631.4
100 ## - MAIN ENTRY--PERSONAL NAME
Personal name Рубин,С.С
245 ## - TITLE STATEMENT
Title Содержание почвы в саду
245 ## - TITLE STATEMENT
Statement of responsibility, etc. Ред.Б.Я.Кривошлык
260 ## - PUBLICATION, DISTRIBUTION, ETC.
Place of publication, distribution, etc. Москва
260 ## - PUBLICATION, DISTRIBUTION, ETC.
Name of publisher, distributor, etc. Сельхозгиз
260 ## - PUBLICATION, DISTRIBUTION, ETC.
Date of publication, distribution, etc. 1954
300 ## - PHYSICAL DESCRIPTION
Extent 512стр.20см.
300 ## - PHYSICAL DESCRIPTION
Dimensions Библиогр.с.499-506
653 ## - INDEX TERM--UNCONTROLLED
Uncontrolled term Содержание почвы в саду
942 ## - ADDED ENTRY ELEMENTS (KOHA)
Koha item type წიგნი
ეგზემპლარები
Withdrawn status Lost status Damaged status Not for loan Date acquired Barcode Date last seen Price effective from Koha item type
        2018-12-17 21065 2018-12-17 2018-12-17 წიგნი
        2018-12-17 21066 2018-12-17 2018-12-17 წიგნი